000 00650nam a2200229Ia 4500
003 OSt
005 20221006165909.0
006 a|||||r|||| 00| 0
007 ta
008 221006b |||||||| |||| 00| 0 hin d
024 _a6,601
037 _cTextual
040 _aFML
_cFML
_bhin
041 _2hin
_ahin
082 _aY744:351:g, K4
100 _aSeeta Ityadi Au.
_9680710
245 0 _aDhooli Dhusarit Maniya
_b Lok Geeto Per Ek Vivechan
260 _aDelhi
_bNational Publishing House India
_c1964
300 _a12, 520
_ccm.
942 _hY744:351:g, K4
_cTEXL
_2CC
999 _c1122397
_d1122397